Clique para traduzir - Alemão - Statistics

Estatísticas Gerais
  • Esse quiz foi jogado 29 vezes
  • A pontuação média é 8 de 20
Estatísticas das Respostas
Hint Resposta % Correto
Biblioteca Bibliothek
90%
Quinta-feira Donnerstag
60%
Ferrovia Eisenbahn
55%
Vermelho Rot
55%
Rei König
50%
Mar Meer
50%
Cidade Stadt
50%
Pais Land
45%
Rua Straße
45%
Flor Blume
40%
Mês Monat
40%
Televisão Fernseher
35%
Ovelha Schaf
35%
Perna Bein
30%
Montanha Berg
30%
Ponte Brücke
30%
Viagem Reise
30%
Chávena Tasse
30%
Céu Himmel
25%
Escuro Dunkel
20%
Nenhum quiz correspondente encontrado
Distribuição das Pontuações
Porcentagem de Pessoas com Cada Pontuação
Percentil de Números Respondidos
Sua Pontuação Histórica
Você não jogou esse quiz